Centrálny elektronický priečinok
Projekt centrálneho elektronického priečinku (CEP). Snaha o zvýšenie bezpečnosti v zahraničnom obchode v období nebezpečenstva svetového terorizmu. Prínosy projektu. Hlavné prínosy pre miestnu samosprávu. Implementácia CEP. Práce na vytvorení CEP. Riziká ovplyvňujúce zavádzanie CEP. Stanovenie jasný...
Guardado en:
| Autor principal: | |
|---|---|
| Formato: | Capítulo de libro |
| Lenguaje: | eslovaco |
| Materias: | |
| Etiquetas: |
Sin Etiquetas, Sea el primero en etiquetar este registro!
|
MARC
| LEADER | 00000naa$a2200000$$$4500 | ||
|---|---|---|---|
| 001 | 0108682 | ||
| 005 | 20231120114316.3 | ||
| 041 | 0 | |a slo | |
| 044 | |a SK | ||
| 245 | 1 | 0 | |a Centrálny elektronický priečinok |c Dagmar Hrašková |
| 520 | |a Projekt centrálneho elektronického priečinku (CEP). Snaha o zvýšenie bezpečnosti v zahraničnom obchode v období nebezpečenstva svetového terorizmu. Prínosy projektu. Hlavné prínosy pre miestnu samosprávu. Implementácia CEP. Práce na vytvorení CEP. Riziká ovplyvňujúce zavádzanie CEP. Stanovenie jasných hraníc a cieľov projektu. Propagácia a marketing. Komunikačná stratégia. | ||
| 610 | 2 | 0 | |a obchod svetový |
| 610 | 2 | 0 | |a bezpečnosť |
| 610 | 2 | 0 | |a kontrola |
| 610 | 2 | 0 | |a ochrana tovaru elektronická |
| 610 | 2 | 0 | |a projekty medzinárodné |
| 100 | 1 | |a Hrašková, Dagmar | |